Профессиональный иностранный язык (английский). Модуль 1 (Radiation Protection): электронный курс

Detalhes bibliográficos
Autor principal: Демьяненко Н. В. Наталия Владимировна
Autor Corporativo: Национальный исследовательский Томский политехнический университет (ТПУ) Физико-технический институт (ФТИ) Кафедра иностранных языков физико-технического института (ИЯФТ)
Resumo:Заглавие с экрана
В электронном курсе «English for Specific Purposes. Radiation and Life» осуществляется освоение англоязычной терминологии в области радиационной безопасности. Особое внимание уделяется принципам организации и формату написания письменных работ (аннотаций и докладов). Знания, полученные в курсе, помогут студентам: анализировать и интерпретировать полученную информацию на английском языке; использовать изученную англоязычную терминологию в ситуациях профессионального общения; освоить формат написания аннотации, докладов на английском языке; формулировать собственную позицию.
Доступ по логину и паролю
Idioma:russo
Publicado em: Томск, TPU Moodle, 2014
Assuntos:
Acesso em linha:https://design.lms.tpu.ru/course/view.php?id=359
Formato: MixedMaterials Recurso Electrónico Livro
KOHA link:https://koha.lib.tpu.ru/cgi-bin/koha/opac-detail.pl?biblionumber=665389

MARC

LEADER 00000nlm0a2200000 4500
001 665389
005 20231221112411.0
035 |a (RuTPU)RU\TPU\network\36588 
035 |a RU\TPU\network\16913 
090 |a 665389 
100 |a 20210921d2014 m y0rusy50 ca 
101 0 |a rus 
102 |a RU 
105 |a a j 000zy 
135 |a jrcn ---uucaa 
181 0 |a i  
182 0 |a b 
200 1 |a Профессиональный иностранный язык (английский). Модуль 1 (Radiation Protection)  |e электронный курс  |d English for Specific Purposes. Radiation and Life  |f Н. В. Демьяненко  |g Национальный исследовательский Томский политехнический университет (ТПУ), Физико-технический институт (ФТИ), Кафедра иностранных языков физико-технического института (ИЯФТ) 
203 |a Текст  |c электронный 
210 |a Томск  |c TPU Moodle  |d 2014 
300 |a Заглавие с экрана 
330 |a В электронном курсе «English for Specific Purposes. Radiation and Life» осуществляется освоение англоязычной терминологии в области радиационной безопасности. Особое внимание уделяется принципам организации и формату написания письменных работ (аннотаций и докладов). Знания, полученные в курсе, помогут студентам: анализировать и интерпретировать полученную информацию на английском языке; использовать изученную англоязычную терминологию в ситуациях профессионального общения; освоить формат написания аннотации, докладов на английском языке; формулировать собственную позицию. 
333 |a Доступ по логину и паролю 
510 1 |a English for Specific Purposes. Radiation and Life  |z eng 
606 1 |a Английский язык  |x Учебные руководства и пособия  |x Учебные руководства и пособия для высшей школы  |2 stltpush  |3 (RuTPU)RU\TPU\subj\29071  |9 52483 
610 1 |a электронный ресурс 
610 1 |a труды учёных ТПУ 
610 1 |a электронное обучение 
610 1 |a электронные курсы ТПУ 
610 1 |a электронные учебные пособия 
610 1 |a учебные пособия 
610 1 |a английский язык 
610 1 |a radiation 
610 1 |a nuclear physics 
610 1 |a bioengineering 
610 1 |a adioisotope 
610 1 |a beam therapy 
610 1 |a ionization 
686 |a Ш143.21-923  |2 rubbk 
700 1 |a Демьяненко  |b Н. В.  |c лингвист  |c старший преподаватель Томского политехнического университета  |f 1977-  |g Наталия Владимировна  |3 (RuTPU)RU\TPU\pers\26707  |9 12365 
712 0 2 |a Национальный исследовательский Томский политехнический университет (ТПУ)  |b Физико-технический институт (ФТИ)  |b Кафедра иностранных языков физико-технического института (ИЯФТ)  |3 (RuTPU)RU\TPU\col\18736 
801 2 |a RU  |b 63413507  |c 20210921  |g RCR 
856 4 |u https://design.lms.tpu.ru/course/view.php?id=359 
942 |c CF